|
|
|
|
| LEADER |
00000nam0a2200000 4500 |
| 001 |
291647 |
| 005 |
20231102000417.0 |
| 010 |
|
|
|a 9785903363087
|
| 035 |
|
|
|a (RuTPU)RU\TPU\book\316225
|
| 090 |
|
|
|a 291647
|
| 100 |
|
|
|a 20150416d2008 k y0rusy50 ca
|
| 101 |
1 |
|
|a rus
|c eng
|
| 102 |
|
|
|a RU
|
| 105 |
|
|
|a a z 001zy
|
| 200 |
1 |
|
|a От C.& E. Cooper до Cameron Compression. История одной корпорации (год осн. 1833)
|e пер. с англ.
|d Cooper Industries 1833-1983
|f Д. Келлер
|
| 210 |
|
|
|a Москва
|c Премиум Инжиниринг
|d 2008
|
| 215 |
|
|
|a 415 с.
|c ил.
|
| 320 |
|
|
|a Указатели: с. 395-401.
|
| 330 |
|
|
|a Взяв эту книгу в руки, вы погружаетесь в живую историю и организацию промышленного производства, того самого Бизнеса, как его строили изобретатели и инженеры, менеджеры и директора, простые рабочие и владельцы. Вы познакомитесь с ними через описание паровых и дизельных двигателей, ручных инструментов и мощных компрессоров, через легенды и старые фотографии. Вы узнаете много нового не только о почти двухсотлетней индустриальной истории Америки, но и о людях, которые ее создавали.Эта уникальная история корпорации ценна также своим познавательным смыслом для деловых людей, строящих СВОЕ дело, СВОЙ большой или малый бизнес. В книге содержится удивительно полезный набор стратегических, управленческих и просто повседневных решений для успешного развития любой современной компании.
|
| 510 |
1 |
|
|a Cooper Industries 1833-1983
|z eng
|
| 606 |
1 |
|
|a Экономическая история
|2 stltpush
|3 (RuTPU)RU\TPU\subj\26578
|9 50473
|
| 610 |
1 |
|
|a США
|
| 610 |
1 |
|
|a промышленность
|
| 610 |
1 |
|
|a история
|
| 610 |
1 |
|
|a 19 век
|
| 610 |
1 |
|
|a корпорации
|
| 610 |
1 |
|
|a промышленное производство
|
| 610 |
1 |
|
|a инженеры
|
| 610 |
1 |
|
|a изобретатели
|
| 610 |
1 |
|
|a индустриальная история
|
| 610 |
1 |
|
|a предприниматели
|
| 610 |
1 |
|
|a предпринимательская деятельность
|
| 610 |
1 |
|
|a стратегический менеджмент
|
| 686 |
|
|
|a У03
|v LBC/SL-A
|2 rubbk
|
| 700 |
|
1 |
|a Келлер
|b Д.
|g Дэвид
|
| 801 |
|
1 |
|a RU
|b 63413507
|c 20150416
|
| 801 |
|
2 |
|a RU
|b 63413507
|c 20150625
|g RCR
|
| 942 |
|
|
|c BK
|
| 959 |
|
|
|a 44/20150416
|d 1
|e 1600,00
|f ЧЗТЛ:1
|